Maggiori produttori di auto al mondo - Statistics

Statistiche generali
  • Questo quiz è stato fatto 159 volte
  • Il punteggio medio è 15 su 20
Statistiche sulle risposte
VEICOLI VENDUTI RISPOSTE % Corretto
3 308 692 Germania
100%
26 082 220 Cina
99%
1 351 308 Francia
98%
795 856 Italia
98%
9 167 214 Stati Uniti
98%
2 098 133 Spagna
97%
7 846 955 Giappone
96%
1 566 317 Russia
93%
4 399 112 India
92%
2 248 253 Brasile
90%
932 488 Regno Unito
87%
1 115 002 Canada
85%
3 145 653 Messico
81%
3 462 404 Corea del sud
79%
1 276 140 Turchia
58%
1 121 967 Indonesia
57%
894 298 Iran
40%
1 685 705 Thailandia
39%
1 111 432 Repubblica Ceca
37%
1 000 000 Slovacchia
21%
Nessun quiz corrispondente trovato
Distribuzione punteggi
Percentuale di utenti per punteggio
Percentile per numero di risposta
I tuoi punteggi nel tempo
Non hai fatto questo quiz